<?xml version="1.0" encoding="UTF-8"?><?xml-stylesheet type="text/xsl" href="static/style.xsl"?><OAI-PMH xmlns="http://www.openarchives.org/OAI/2.0/" xmlns:xsi="http://www.w3.org/2001/XMLSchema-instance" xsi:schemaLocation="http://www.openarchives.org/OAI/2.0/ http://www.openarchives.org/OAI/2.0/OAI-PMH.xsd"><responseDate>2026-04-17T11:38:06Z</responseDate><request verb="GetRecord" identifier="oai:www.recercat.cat:2072/419308" metadataPrefix="marc">https://recercat.cat/oai/request</request><GetRecord><record><header><identifier>oai:recercat.cat:2072/419308</identifier><datestamp>2025-01-15T15:52:07Z</datestamp><setSpec>com_2072_98</setSpec><setSpec>col_2072_378196</setSpec></header><metadata><record xmlns="http://www.loc.gov/MARC21/slim" xmlns:dcterms="http://purl.org/dc/terms/" xmlns:xsi="http://www.w3.org/2001/XMLSchema-instance" xmlns:doc="http://www.lyncode.com/xoai" xsi:schemaLocation="http://www.loc.gov/MARC21/slim http://www.loc.gov/standards/marcxml/schema/MARC21slim.xsd">
   <leader>00925njm 22002777a 4500</leader>
   <datafield ind2=" " ind1=" " tag="042">
      <subfield code="a">dc</subfield>
   </datafield>
   <datafield ind2=" " ind1=" " tag="720">
      <subfield code="a">Can, Nazir Ahmed</subfield>
      <subfield code="e">author</subfield>
   </datafield>
   <datafield ind2=" " ind1=" " tag="720">
      <subfield code="a">Universitat Autònoma de Barcelona. Facultat de Filosofia i Lletres</subfield>
      <subfield code="e">author</subfield>
   </datafield>
   <datafield ind2=" " ind1=" " tag="260">
      <subfield code="c">2008</subfield>
   </datafield>
   <datafield ind2=" " ind1=" " tag="520">
      <subfield code="a">En Crónica da Rua 513.2 (2006), Borges Coelho construye un nuevo lugar de escritura en la literatura mozambiqueña. Se trata del espacio del ethos intermedio, constituyendo la indicianidad el culminar de esta configuración. En este estudio es analizado, a partir de una metodología interdisciplinar, el conjunto de estrategias utilizadas por el narrador que cristaliza la constitución de este ethos: la onomástica y el espacio-temporalidad. Estos aspectos serán estudiados en el conjunto de la novela y en el caso específico del personaje de origen indio, Valgy, añadiéndose el estudio de la voz y los grados de alteridad que emergen del texto</subfield>
   </datafield>
   <datafield ind2=" " ind1=" " tag="520">
      <subfield code="a">A Crónica da Rua 513.2 (2006), Borges Coelho construeix un nou espai d'escriptura en la literatura moçambiquesa. Es tracta de l'espai de l'ethos intermedi, constituint la indicianitat el culminar d'aquesta configuració. En aquest estudi és analitzat, a partir d'una metodologia interdisciplinària, el conjunt d'estratègies utilitzades pel narrador que conforma i cristal·litza la constitució d'aquest ethos: l'onomàstica i l'espai-temporalitat. Aquests aspectes seran estudiats tant en el conjunt de la novel·la com en el cas específic del personatge d'origen indi, Valgy, dins el qual s'hi afegeix l'estudi de la veu i dels graus d'alteritat que emergeixen en el text.</subfield>
   </datafield>
   <datafield tag="653" ind2=" " ind1=" ">
      <subfield code="a">Borges Coelho, João Paulo</subfield>
   </datafield>
   <datafield ind2="0" ind1="0" tag="245">
      <subfield code="a">Traficando identidades : la construcción del ethos intermedio en Crónica da Rua 513.2 de João Paulo Borges Coelho</subfield>
   </datafield>
</record></metadata></record></GetRecord></OAI-PMH>